000 00979nam a2200325 a 4500
001 000110236
003 CHAP
005 20220329144123.0
008 140805s2013 it j |r| ||||||eng d
010 _a106698
011 _a107670
020 _a9789251078631
040 _cCHAP
082 0 4 _a613.28
_bF21y
245 1 0 _aMilk and dairy products in human nutrition /
_ceditado por Ellen Muehlhoff, Anthony Bennett y Deirdre McMahon.
260 _aRoma :
_bFAO,
_c2013.
300 _axxvi, 376 p. :
_btabs.
590 _aE5995AHE
_b05
_c20140805
_lUCH01
_h1015
590 _aE5995AHE
_b05
_c20140805
_lUCH01
_h1023
590 _aE5995AHE
_b05
_c20140805
_lUCH01
_h1114
650 1 4 _aLeche.
_965357
650 1 4 _aNutrición humana.
_9125570
650 1 4 _aProductos lácteos.
_992124
700 1 _aBennett, Anthony
_e, ed.
_9127690
700 1 _aMcMahon, Deirdre
_e, ed.
_9127691
700 1 _aMuehlhoff, Ellen
_e, ed.
_9127689
901 _aBK
942 _cLIBRO
942 _n0
999 _c106698
_d106698